| 000 | 00657nam a2200253Ia 4500 | ||
|---|---|---|---|
| 003 | OSt | ||
| 005 | 20220918222337.0 | ||
| 006 | a|||||r|||| 00| 0 | ||
| 007 | ta | ||
| 008 | 220917b |||||||| |||| 00| 0 eng d | ||
| 024 | _a216,511 | ||
| 037 | _cTextual | ||
| 040 |
_aARTS _cARTS _beng |
||
| 041 |
_2eng _aeng |
||
| 082 | _aP:291(T:3), P1 | ||
| 100 |
_aCook Vivian _965604 |
||
| 245 | 0 | _aSecond language learning and language teaching | |
| 250 | _a3rd | ||
| 260 |
_aLondon _bArnold _c2001 |
||
| 300 |
_avii, 262p _ccm. |
||
| 650 | _aLINGUISTICS | ||
| 942 |
_hP:291(T:3), P1 _cTEXL _2CC |
||
| 999 |
_c275242 _d275242 |
||